Statystyki dla Stolice świata z literą „K”

Kliknij tutaj aby rozwiązać quiz!

Ogólne statystyki

  • Ten quiz został rozwiązany 188 razy
  • Średni wynik to 29 z 49

Statystyki odpowiedzi

Stolica% Poprawnych
Kijów
89%
Moskwa
81%
Sztokholm
81%
Tokio
81%
Bukareszt
80%
Kair
78%
Pekin
78%
Helsinki
75%
Bruksela
74%
Kopenhaga
73%
Luksemburg
73%
Kiszyniów
70%
Mińsk
70%
Reykjavík
69%
Meksyk
67%
Ankara
66%
Skopje
64%
Watykan
62%
Kuala Lumpur
60%
Baku
59%
Katmandu
59%
Kinszasa
59%
Kapsztad
58%
Nikozja
58%
Dakar
57%
Kuwejt
57%
Kingston
56%
Kingstown
56%
Biszkek
54%
Bangkok
53%
Damaszek
53%
Taszkent
53%
Kabul
51%
Kigali
51%
Kampala
49%
Monako
49%
Dhaka
48%
Konakry
48%
Maskat
48%
Akra
47%
Dżakarta
47%
Lusaka
47%
Bamako
46%
Jamusukro
46%
Windhuk
46%
Nawakszut
44%
Palikir
41%
Nuku'alofa
32%
Sri
Dźajawardanapura
Kotte
29%

Rozkład punktacji

Percentyl według liczby udzielonych odpowiedzi

Procent ludzi z każdym wynikiem

Twoja historia wyników

Nie rozwiązałeś tego quizu